|
|
|
|
| LEADER |
01419cam a2200349 a 4500 |
| 010 |
|
|
|a 2011281966
|
| 015 |
|
|
|a GBB087172
|2 bnb
|
| 016 |
7 |
|
|a 015606731
|2 Uk
|
| 020 |
|
|
|a 1845117271(hbk.)
|
| 020 |
|
|
|a 9781845117276(hbk.)
|
| 035 |
|
|
|a (OCoLC)ocn649804242
|
| 042 |
|
|
|a lccopycat
|
| 043 |
|
|
|a e-yu---
|
| 050 |
0 |
0 |
|a DR1300
|b .S93 2011
|
| 082 |
0 |
4 |
|a 949.702
|
| 100 |
1 |
|
|a Swain, Geoff.
|
| 245 |
1 |
0 |
|a Tito :
|b a biography /
|c Geoffrey Swain.
|
| 260 |
|
|
|a London ;
|a New York :
|b I.B. Tauris,
|c 2011.
|
| 300 |
|
|
|a 219 p. ;
|c 24 cm.
|
| 490 |
1 |
|
|a Communist lives ;
|v v. 5
|
| 504 |
|
|
|a Includes bibliographical references (p. [193]-208) and index.
|
| 505 |
0 |
|
|a The making of a Yugoslav revolutionary -- Learning to implement the people's liberation struggle -- Revolution through war -- Revising Marxism-Leninism -- The Khruschev decade -- Reforming communism -- Actually existing self-management.
|
| 600 |
1 |
0 |
|a Tito, Josip Broz,
|d 1892-1980.
|
| 650 |
|
0 |
|a Communists
|
| 650 |
|
0 |
|a Presidents
|
| 651 |
|
0 |
|a Yugoslavia
|x History
|y 1945-1980.
|
| 830 |
|
0 |
|a Communist lives ;
|v v. 5.
|
| 906 |
|
|
|a 7
|b cbc
|c copycat
|d 2
|e ncip
|f 20
|g y-gencatlg
|
| 942 |
|
|
|c REF
|
| 955 |
|
|
|b xe10 2011-05-13 z-processor 2 copies to USGEN
|i rf16 2011-09-14 to BCCD
|
| 999 |
|
|
|c 290252
|d 290252
|
| 952 |
|
|
|0 0
|1 0
|4 0
|6 949_702000000000000_SWA_T
|7 0
|8 RUSA
|9 330413
|a HIS
|b HIS
|c REF
|d 2016-08-04
|i 24830
|l 0
|o 949.702 SWA/T
|p HIS24830
|r 2016-08-04
|w 2016-08-04
|y REF
|